Statistiken für NHL-Draft First-Overall Picks

Klicken Sie hier um das Quiz zu spielen!

Allgemein

  • Dieses Quiz wurde 55 mal gespielt
  • Das Durchschnittsergebnis liegt bei 10 aus 23

Antwortstatistiken

JahrTeamAntwort% Korrekt
2015EDMConnor McDavid
93%
2005PITSidney Crosby
93%
2004WSHAlex Ovechkin
75%
2016TORAustin Matthews
70%
2017NJDNico Hischier
65%
2007CHIPatrick Kane
60%
2019NJDJack Hughes
53%
2008TBLSteven Stamkos
48%
2018BUFRasmus Dahlin
45%
2013COLNathan MacKinnon
43%
2020NYRAlexis Lafrenière
38%
2021BUFOwen Power
33%
2011EDMRyan Nugent-Hopkins
33%
2009NYIJohn Tavares
30%
2003PITMarc-Andre Fleury
30%
2022MTLJuraj Slafkovsky
28%
2014FLAAaron Ekblad
25%
2002CBJRick Nash
23%
2010EDMTaylor Hall
23%
2001ATLIlya Kovalchuk
18%
2006STLErik Johnson
15%
2012EDMNail Yakupov
15%
2000NYIRick DiPietro
13%

Verteilung der Resultate

Perzentil nach korrekt beantworteten Fragen

Anzahl Personen mit jedem Resultat

Ihre Resultats-Entwicklung

Sie haben dieses Quiz noch nicht gespielt